Most Populous US Cities that start with A - Statistics

General Stats
  • This quiz has been taken 108 times
  • The average score is 8 of 10
Answer Stats
Population (2021) Answer Rank in Population (2021) State % Correct
964 Thousand Austin #11th Texas
99%
496 Thousand Atlanta #38th Georgia
94%
562 Thousand Albuquerque #32nd New Mexico
84%
392 Thousand Arlington #50th Texas
81%
189 Thousand Akron #136th Ohio
73%
345 Thousand Anaheim #55th California
71%
201 Thousand Augusta #121st Georgia
70%
389 Thousand Aurora #51st Colorado
65%
201 Thousand Amarillo #120th Texas
61%
154 Thousand Alexandria #169th Virginia
57%
No matching quizzes found
Score Distribution
Percent of People with Each Score
Percentile by Number Answered
Your Score History
You have not taken this quiz